Name the members of these 4 bands PART 2 - Statistics

General Stats
  • This quiz has been taken 15 times
  • The average score is 7 of 21
Answer Stats
Answer % Correct
Beyonce Knowles
93%
Michael
93%
Tito
86%
Jermaine
57%
Marlon
57%
Eazy-E
50%
Kelly Rowland
50%
Michelle Williams
50%
Ice Cube
43%
Dr Dre
36%
MC Ren
36%
Jackie
29%
Arabian Prince
14%
DJ Yella
14%
Farrah Franklin
7%
Jade Thirlwall
7%
Jesy Nelson
7%
LaTavia Roberson
0%
Leigh-Anne Pinnock
0%
LeToya Luckett
0%
Perrie Edwards
0%
No matching quizzes found
Score Distribution
Percent of People with Each Score
Percentile by Number Answered
Your Score History
You have not taken this quiz